Les maisons de Haute-Couture en France - Statistiques

Statistiques générales
  • Ce quiz a été pris 340 fois
  • Le résultat moyen est 5 sur 22
Statistiques - réponses
Initiales Prénom et Nom % Correct
LV Louis Vuitton
94%
CD Christian Dior
84%
C Chanel
80%
JPG Jean-Paul Gaultier
66%
G Givenchy
35%
*V Valentino
24%
*V Versace
24%
S Schiaparelli
12%
*GA Giorgio Armani
11%
MM Martin Margiela
11%
*V&R Victor & Rolf
7%
*AA Azzedine Alaïa
5%
AV Alexandre Vauthier
4%
AM Alexis Mabille
4%
*ES Elie Saab
4%
GV Giambattista Valli
4%
FS Franck Sorbier
3%
JF Julien Fournié
3%
SR Stéphane Rolland
3%
AA Adeline André
2%
MG Maurizio Galante
2%
RK Rabih Kayrouz
1%
Aucun quiz correspondant
Distribution des résultats
% des personnes avec chaque résultat
Percentile par nombre de réponses
Votre historique - résultats
Vous n’avez pas pris ce quiz